000 00228 a2200097 4500
001 43491
100 _aShakespeare
245 _aMuch ADO About Nothing
260 _aLondon
_bCambridge University Press
_c
090 _c27304
_d27304
942 _aNUST-CAE
_cM
_c19230
999 _c278564
_d278564